[Event "Lansing (Mini-Swiss.1/1)"]
[Site "?"]
[Date "1995.??.??"]
[Round "?"]
[White "Ronneberg, E."]
[Black "Eckert, William"]
[Result "1-0"]
[WhiteElo "2215"]
[BlackElo "1900"]
[PlyCount "63"]
[EventDate "1995.??.??"]

{1/(1)} 1. e4 g6 2. d4 Bg7 3. Nc3 d6 4. Be3 Nf6 5. f3 c6 6. Qd2 Nbd7 7. Bh6
Bxh6 8. Qxh6 Qa5 9. O-O-O b5 10. Kb1 b4 11. Nce2 Ba6 12. g4 O-O-O 13. h4 Rdg8
14. Qe3 Qb6 15. g5 Nh5 16. Bh3 e6 17. Bg4 Ng7 18. h5 gxh5 19. Bxh5 Nxh5 20.
Rxh5 Rg7 21. f4 Rhg8 22. Nf3 Bxe2 23. Qxe2 c5 24. d5 Nf8 25. f5 exf5 26. exf5
Qd8 27. Rh6 Qd7 28. Qa6+ Kb8 29. Rxd6 Qxf5 30. Qb5+ Kc7 31. Qc6+ Kb8 32. Rd8+
1-0

[Event "Gaylord (NMO/2/15)"]
[Site "?"]
[Date "1995.??.??"]
[Round "?"]
[White "Rodriguez, P."]
[Black "Matias, I.C."]
[Result "0-1"]
[WhiteElo "1605"]
[BlackElo "1675"]
[PlyCount "82"]
[EventDate "1995.??.??"]

{2/(15)} 1. d4 d5 2. Nf3 Nf6 3. g3 e6 4. Bg2 c5 5. c3 Nc6 6. O-O cxd4 7. cxd4
Be7 8. Nc3 O-O 9. a3 Bd7 10. Bf4 Nh5 11. Qd2 Na5 12. Qe3 Nc4 13. Qc1 Nxf4 14.
Qxf4 Bd6 15. Qc1 Rc8 16. Re1 Qc7 17. e3 Nxb2 18. Qxb2 Qxc3 19. Qxb7 Rc7 20. Qb1
Rfc8 21. Rd1 Ba4 22. Re1 Qa5 23. Qd3 Rc3 24. Qd2 Qc7 25. Qa2 Rxa3 26. Qd2 Rxa1
27. Rxa1 Bb5 28. Ne1 a6 29. Bf1 Bxf1 30. Kxf1 Qc4+ 31. Kg2 Bb4 32. Qd1 Bxe1 33.
Qxe1 g6 34. h4 Qd3 35. f3 Rc2+ 36. Kg1 Re2 37. Qf1 Qxe3+ 38. Kh1 Rf2 39. Qd1
Rxf3 40. Ra2 Rxg3 41. Rh2 Qe4+ 0-1

[Event "Gaylord (NMO/4/19)"]
[Site "?"]
[Date "1995.??.??"]
[Round "?"]
[White "Rodriguez, P."]
[Black "Feguer, Mike"]
[Result "0-1"]
[WhiteElo "1605"]
[BlackElo "1605"]
[PlyCount "68"]
[EventDate "1995.??.??"]

{4/(19)} 1. d4 e6 2. Nf3 d5 3. g3 Nc6 4. Bg2 Nf6 5. O-O Bd6 6. Bg5 e5 7. Nc3
Be6 8. e3 O-O 9. Nh4 Bg4 10. Qd2 Bb4 11. Bxf6 Qxf6 12. Bxd5 exd4 13. exd4 Nxd4
14. Kg2 Rfe8 15. Qd3 Rad8 16. Ne4 Qe5 17. Bxb7 Nf5 18. Qc4 Nxh4+ 19. gxh4 Rd4
20. Qb3 Rxe4 21. Bxe4 Qxe4+ 22. f3 Qe2+ 23. Rf2 Qe6 24. fxg4 Qxg4+ 25. Qg3 Qe4+
26. Qf3 Qg6+ 27. Qg3 Qc6+ 28. Qf3 Qg6+ 29. Qg3 Qb6 30. c3 Bc5 31. Rd2 Re6 32.
Rd8+ Bf8 33. Qd3 Rg6+ 34. Kh3 Qe6+ 0-1

[Event "Grand Rapids (MI Am/1/37)"]
[Site "?"]
[Date "1995.??.??"]
[Round "?"]
[White "Rodriguez, M."]
[Black "Rozeboom, D."]
[Result "1-0"]
[WhiteElo "1605"]
[BlackElo "1605"]
[PlyCount "55"]
[EventDate "1995.??.??"]

{1/(37)} 1. e4 c5 2. Nf3 Nc6 3. d4 cxd4 4. Nxd4 g6 5. Nc3 Bg7 6. Be3 e6 7. Qd2
a6 8. O-O-O Nge7 9. Bc4 Na5 10. Be2 b5 11. h4 Rb8 12. h5 Nc4 13. Bxc4 bxc4 14.
hxg6 fxg6 15. Nxe6 Bxc3 16. Qxc3 Rg8 17. Nxd8 Kxd8 18. Rxh7 Nc6 19. Qf6+ Kc7
20. Bf4+ Kb7 21. Bxb8 Kxb8 22. Rh8 Rxh8 23. Qxh8 Kc7 24. c3 Bb7 25. Qh7 Ne5 26.
f4 Nd3+ 27. Rxd3 cxd3 28. Kd2 1-0

[Event "Grand Rapids (MI Am/5/24)"]
[Site "?"]
[Date "1995.??.??"]
[Round "?"]
[White "Rodriguez, M."]
[Black "Pecot, Dave"]
[Result "1-0"]
[WhiteElo "1605"]
[BlackElo "1605"]
[PlyCount "113"]
[EventDate "1995.??.??"]

{5/(24)} 1. e4 e5 2. Nf3 f5 3. Nc3 fxe4 4. Nxe4 d5 5. Nc3 Nc6 6. Bb5 Bg4 7. h3
Bxf3 8. Qxf3 Nf6 9. d3 Bc5 10. O-O O-O 11. Qg3 Qd6 12. Bxc6 bxc6 13. Qf3 Rae8
14. Qe2 Kh8 15. Kh1 Ng8 16. Bg5 Qg6 17. Bh4 Nh6 18. g4 Qe6 19. Rad1 Be7 20. Bg3
Bf6 21. Rfe1 Nf7 22. f3 Qe7 23. Qh2 Ng5 24. Qg2 g6 25. f4 Nf7 26. fxe5 Nxe5 27.
Bxe5 Bxe5 28. d4 Qb4 29. Rxe5 Rxe5 30. dxe5 Qxb2 31. Qd2 Qb4 32. e6 Qd6 33. Qe3
Re8 34. Re1 d4 35. Qe5+ Qxe5 36. Rxe5 dxc3 37. Kg2 Kg7 38. Kf3 Kf6 39. Ra5 Ra8
40. Rc5 Kxe6 41. Rxc6+ Kd7 42. Rxc3 Rf8+ 43. Ke2 c6 44. Rc5 Kd6 45. Ra5 Rf7 46.
Ke3 Rb7 47. Kd4 Rb4+ 48. c4 Rb7 49. c5+ Ke7 50. Ke5 Rd7 51. Ra6 Kf7 52. Rxc6
Ke7 53. Re6+ Kf7 54. c6 Rc7 55. Kd6 Rxc6+ 56. Kxc6 Kxe6 57. Kb7 1-0

[Event "Gaylord (NMO/5/15)"]
[Site "?"]
[Date "1995.??.??"]
[Round "?"]
[White "Rodriguez, M."]
[Black "Kreger, David"]
[Result "0-1"]
[WhiteElo "1605"]
[BlackElo "1620"]
[PlyCount "104"]
[EventDate "1995.??.??"]

{5/(15)} 1. e4 Nc6 2. Nf3 e6 3. d4 d5 4. e5 b6 5. Nc3 Bb7 6. Bd2 Qd7 7. a3 f5
8. Bd3 O-O-O 9. h4 Kb8 10. Qe2 Rc8 11. Ba6 Nh6 12. Bxb7 Kxb7 13. Qb5 a6 14. Qa4
Nb8 15. Qb3 Ka7 16. a4 c6 17. Na2 Ng4 18. Nc1 c5 19. dxc5 bxc5 20. a5 Qc6 21.
Qb6+ Qxb6 22. axb6+ Kxb6 23. Nd3 Nc6 24. b3 h6 25. Ra2 Be7 26. O-O Ra8 27. Rb1
Rhb8 28. Ra4 a5 29. c3 Kc7 30. g3 Ra7 31. Rba1 Rxb3 32. Nfe1 h5 33. Nf4 Rb2 34.
Nf3 Ncxe5 35. Nxe5 Nxe5 36. Bc1 Rb6 37. Nxh5 g6 38. Nf4 Bf6 39. Ne2 Nc6 40. Kg2
e5 41. Be3 d4 42. cxd4 cxd4 43. Bd2 Rb5 44. R1a2 Kb6 45. Nc1 Rd7 46. Nd3 Rdd5
47. f3 Be7 48. Kh3 Nb4 49. Bxb4 Bxb4 50. Nxb4 Rxb4 51. Rxb4+ axb4 52. Ra8 d3
0-1

[Event "Gaylord (NMO/3/8)"]
[Site "?"]
[Date "1995.??.??"]
[Round "?"]
[White "Rodriguez, M."]
[Black "Croel, Duane"]
[Result "0-1"]
[WhiteElo "1605"]
[BlackElo "1835"]
[PlyCount "84"]
[EventDate "1995.??.??"]

{3/(8)} 1. e4 c5 2. Nf3 d6 3. d4 cxd4 4. Nxd4 Nf6 5. Nc3 g6 6. Be3 Bg7 7. f3
O-O 8. Qd2 Nc6 9. g4 Bd7 10. O-O-O Rc8 11. h4 Ne5 12. h5 Nxf3 13. Nxf3 Bxg4 14.
Be2 Bxh5 15. Ng5 Bxe2 16. Qxe2 Qa5 17. Bd2 Rxc3 18. Kb1 Rxc2 19. Kxc2 Rc8+ 20.
Kb1 Qb6 21. Rc1 Rf8 22. Bc3 h5 23. Nf3 Bh6 24. Rc2 Ng4 25. Rd1 Qe3 26. Bd4 Qxe2
27. Rxe2 a6 28. Rd3 Bf4 29. Rc2 f6 30. Rdc3 g5 31. Rc8 h4 32. Rxf8+ Kxf8 33.
Bg1 Ne5 34. Nxe5 Bxe5 35. Kc1 g4 36. Rg2 g3 37. b3 h3 38. Re2 h2 39. Bxh2 gxh2
40. Re1 Bg3 41. Rf1 Bf2 42. Kd2 Bg1 0-1

[Event "East Lansing (Class C/4/11)"]
[Site "?"]
[Date "1995.??.??"]
[Round "?"]
[White "Robinson, Erik"]
[Black "Solski, Jeff"]
[Result "0-1"]
[WhiteElo "1605"]
[BlackElo "1605"]
[PlyCount "114"]
[EventDate "1995.??.??"]

{4/(11)} 1. d4 Nf6 2. d5 g6 3. Nc3 Bg7 4. e4 d6 5. Bg5 O-O 6. Qd2 Re8 7. Be2 c6
8. h4 h5 9. Bf3 Nbd7 10. g3 cxd5 11. exd5 e5 12. Nge2 Nc5 13. O-O e4 14. Bg2
Bg4 15. b4 Ncd7 16. Kh1 Bf3 17. Nd4 Bxg2+ 18. Kxg2 Ne5 19. f3 Nc4 20. Qe2 exf3+
21. Qxf3 Rc8 22. Nce2 Qd7 23. Bxf6 Ne3+ 24. Kh2 Bxf6 25. Qxf6 Ng4+ 26. Kg2 Nxf6
27. Rxf6 Rxc2 28. Nxc2 Rxe2+ 29. Rf2 Rxf2+ 30. Kxf2 Qf5+ 31. Ke3 Qxc2 32. Rf1
f5 33. Rf4 Qxa2 34. Rd4 Qg2 35. Kd3 Qxg3+ 36. Kc4 Qg4 37. Rxg4 fxg4 38. Kd4 g5
39. hxg5 Kg7 40. Ke3 Kg6 41. Kf4 b5 42. Kg3 Kxg5 43. Kh2 h4 44. Kg2 Kf4 45. Kh2
h3 46. Kh1 g3 47. Kg1 Ke4 48. Kf1 Kxd5 49. Kg1 Ke4 50. Kh1 d5 51. Kg1 d4 52.
Kf1 d3 53. Ke1 Ke3 54. Kd1 g2 55. Kc1 g1=Q+ 56. Kb2 Qd1 57. Kc3 Qc2# 0-1

[Event "Lansing (Mini-Swiss.2/2)"]
[Site "?"]
[Date "1995.??.??"]
[Round "?"]
[White "Robinson, Erik"]
[Black "Saulmon, Scott"]
[Result "0-1"]
[WhiteElo "1605"]
[BlackElo "1710"]
[PlyCount "98"]
[EventDate "1995.??.??"]

{2/(2)} 1. Nc3 Nf6 2. d4 g6 3. d5 Bg7 4. e4 d6 5. Bg5 h6 6. Bd2 Nbd7 7. b4 c6
8. Bc4 Ne5 9. Bb3 cxd5 10. exd5 Bf5 11. Nge2 Nfg4 12. h3 Nf6 13. Nd4 Bd7 14. f4
Nh5 15. Nce2 e6 16. dxe6 Qh4+ 17. g3 Nxg3 18. exd7+ Nxd7 19. Nf3 Qe7 20. Rh2
O-O 21. Rg2 Rfe8 22. Kf2 Nxe2 23. Rxg6 Kf8 24. Rxg7 Kxg7 25. Bc4 Nd4 26. Nxd4
Qh4+ 27. Kg2 Qf6 28. Nf3 Rg8 29. Kh2 Kf8 30. Qf1 Qg6 31. Qf2 Nf6 32. Bd3 Qg7
33. Rg1 Qh8 34. Qd4 Rxg1 35. Nxg1 Ng4+ 36. hxg4 Qxd4 37. Nf3 Qg7 38. Kg3 Re8
39. c3 Rc8 40. Nd4 Re8 41. Nf5 Qg6 42. Nh4 Qxd3+ 43. Nf3 Re2 44. Be1 Rxe1 45.
Kf2 Qe2+ 46. Kg3 Qe3 47. Kg2 Re2+ 48. Kg3 Qf2+ 49. Kh3 Qxf3+ 0-1

[Event "East Lansing (Class C/1/10)"]
[Site "?"]
[Date "1995.??.??"]
[Round "?"]
[White "Robinson, Erik"]
[Black "Ingles, Darrell"]
[Result "0-1"]
[WhiteElo "1605"]
[BlackElo "1605"]
[PlyCount "90"]
[EventDate "1995.??.??"]

{1/(10)} 1. e4 d6 2. d4 g6 3. Bf4 Bg7 4. Nc3 c6 5. Be2 a6 6. h4 Nd7 7. h5 e5 8.
h6 Bf6 9. Be3 Bg5 10. Nf3 Bxe3 11. fxe3 Ngf6 12. Qd2 Qe7 13. Bc4 b5 14. Bb3 Rf8
15. O-O-O b4 16. Na4 Nxe4 17. Qe1 d5 18. Nd2 Nxd2 19. Rxd2 e4 20. Qg3 f5 21.
Qc7 Rf6 22. c4 bxc3 23. Nxc3 Qd6 24. Qa5 Rb8 25. Kb1 Nb6 26. Na4 Nc4 27. Bxc4
dxc4 28. Nc5 Rb5 29. Qa4 Rxc5 30. Rhd1 Rb5 31. Qxc4 Rf7 32. d5 c5 33. b3 Rfb7
34. Qc3 Rf7 35. Rc1 Qf6 36. Qc4 Qd6 37. Qc3 Rf6 38. a3 Bb7 39. a4 Rb4 40. Rcc2
a5 41. Kb2 c4 42. Qd4 Rxb3+ 43. Kc1 c3 44. Rf2 Qa3+ 45. Kd1 Rb1+ 0-1

[Event "East Lansing (Class C/2/12)"]
[Site "?"]
[Date "1995.??.??"]
[Round "?"]
[White "Robinson, Erik"]
[Black "Dalimonte, A."]
[Result "1-0"]
[WhiteElo "1605"]
[BlackElo "1605"]
[PlyCount "75"]
[EventDate "1995.??.??"]

{2/(12)} 1. d4 d5 2. Bf4 Nf6 3. e3 Ne4 4. Bd3 Nd6 5. Nd2 e6 6. Ngf3 Be7 7. Ne5
O-O 8. Qh5 g6 9. Qg4 Nd7 10. h4 Nf6 11. Qg5 Nfe4 12. Qg4 Nf6 13. Qg3 Nh5 14.
Qg4 Nxf4 15. exf4 Nf5 16. h5 Bf6 17. hxg6 fxg6 18. Qh3 Qe7 19. g4 Nxd4 20. c3
Bxe5 21. fxe5 Nc6 22. Bxg6 Qg7 23. Bxh7+ Kf7 24. f4 Bd7 25. O-O-O Rh8 26. Rh2
Raf8 27. Rdh1 Ne7 28. Qh5+ Ng6 29. Qxg6+ Qxg6 30. Bxg6+ Kxg6 31. Rxh8 Rxf4 32.
Rg8+ Kf7 33. Rhh8 Rxg4 34. Rxg4 Ba4 35. b3 Bxb3 36. axb3 c5 37. Rhg8 a5 38.
R4g7# 1-0

[Event "Lansing (Mini-Swiss.2/3)"]
[Site "?"]
[Date "1995.??.??"]
[Round "?"]
[White "Robinson, Erik"]
[Black "Charette, K."]
[Result "1-0"]
[WhiteElo "1605"]
[BlackElo "1605"]
[PlyCount "87"]
[EventDate "1995.??.??"]

{2/(3)} 1. d4 d5 2. Bf4 Nf6 3. g3 Bg4 4. Bg2 e6 5. h3 Bh5 6. c4 c6 7. Qa4 Nbd7
8. c5 a6 9. Nc3 b5 10. Qc2 Bg6 11. Qd2 Ne4 12. Nxe4 Bxe4 13. Nf3 Nf6 14. O-O
Be7 15. Ne5 Qc8 16. f3 Bg6 17. a4 O-O 18. a5 Nd7 19. b4 Nxe5 20. dxe5 f6 21.
exf6 Bxf6 22. Bd6 Bxa1 23. Bxf8 Qxf8 24. Rxa1 Qf5 25. Kh2 Qc2 26. Ra2 Qf5 27.
h4 Qf8 28. Qg5 Qf6 29. Qd2 Re8 30. e3 Qd8 31. Qf2 Qd7 32. g4 h6 33. Rd2 Bf7 34.
Qg3 h5 35. Bh3 Qd8 36. Rg2 Qb8 37. f4 e5 38. gxh5 Kf8 39. Qxg7+ Ke7 40. Qg5+
Kf8 41. h6 d4 42. h7 dxe3 43. h8=Q+ Bg8 44. Qhxg8# 1-0

[Event "Grand Rapids (MI Am/3/3)"]
[Site "?"]
[Date "1995.??.??"]
[Round "?"]
[White "Roberts, Kenneth"]
[Black "Semerciyan, Mike"]
[Result "0-1"]
[WhiteElo "1810"]
[BlackElo "1900"]
[PlyCount "62"]
[EventDate "1995.??.??"]

{3/(3)} 1. d4 d5 2. c4 e6 3. Nf3 Nf6 4. e3 Be7 5. Bd3 O-O 6. O-O Nbd7 7. Nc3 c5
8. cxd5 exd5 9. dxc5 Nxc5 10. b3 Bg4 11. Be2 Rc8 12. Nb5 a6 13. Nbd4 Nce4 14.
Bb2 Nc3 15. Qd3 Nxe2+ 16. Qxe2 Ne4 17. Rac1 Qa5 18. a3 Bf6 19. Rfd1 Rxc1 20.
Rxc1 Qb6 21. Qc2 h6 22. Qc7 Qxc7 23. Rxc7 Bxf3 24. gxf3 Nd2 25. Rxb7 Rc8 26.
Kg2 Bxd4 27. Bxd4 Rc6 28. a4 Rg6+ 29. Kh3 Nxf3 30. Rb6 Rg1 31. Bc5 h5 0-1

[Event "Grand Rapids (MI Am/5/12)"]
[Site "?"]
[Date "1995.??.??"]
[Round "?"]
[White "Roberts, Kenneth"]
[Black "Rozeboom, D."]
[Result "1-0"]
[WhiteElo "1810"]
[BlackElo "1605"]
[PlyCount "89"]
[EventDate "1995.??.??"]

{5/(12)} 1. c4 e5 2. Nc3 Nf6 3. d3 Nc6 4. g3 d5 5. cxd5 Nxd5 6. Bg2 Be6 7. Nf3
h6 8. O-O Qd7 9. d4 Nxc3 10. bxc3 e4 11. Ne1 f5 12. Qa4 Ne7 13. Qxd7+ Bxd7 14.
Nc2 Bb5 15. Re1 O-O-O 16. f3 Bc6 17. Nb4 g5 18. Nxc6 Nxc6 19. fxe4 fxe4 20.
Bxe4 Be7 21. Bf5+ Kb8 22. e4 Rdf8 23. Bb2 h5 24. c4 h4 25. d5 Bc5+ 26. Kg2 Nd4
27. Rf1 hxg3 28. hxg3 Nxf5 29. exf5 Rh7 30. f6 g4 31. Bc3 Bd6 32. Rh1 Rhf7 33.
Rae1 b6 34. Re4 Kc8 35. Rxg4 Re8 36. Kf3 Be5 37. Bxe5 Rxe5 38. Rf4 Kd7 39. g4
Kd6 40. Rg1 Rg5 41. Re1 Re5 42. Rxe5 Kxe5 43. g5 a6 44. a4 Kd6 45. g6 1-0

[Event "Grand Rapids (MI Am/2/14)"]
[Site "?"]
[Date "1995.??.??"]
[Round "?"]
[White "Roberts, Kenneth"]
[Black "Conlon, G."]
[Result "1-0"]
[WhiteElo "1810"]
[BlackElo "1605"]
[PlyCount "110"]
[EventDate "1995.??.??"]

{2/(14)} 1. d4 d5 2. c4 c6 3. Nf3 Nf6 4. e3 Bf5 5. Be2 e6 6. O-O Be7 7. Nbd2
Na6 8. a3 O-O 9. Ne5 h6 10. Qa4 Qc8 11. cxd5 exd5 12. Ndf3 Bd6 13. Bd2 Re8 14.
b4 Nc7 15. Rac1 a6 16. Qb3 Ng4 17. Nd3 Rb8 18. Nc5 Ne6 19. h3 Nf6 20. Bc3 Nf4
21. exf4 Rxe2 22. Ne5 Bxc5 23. dxc5 Bxh3 24. Qd1 Ra2 25. Qb3 Re2 26. Qd1 Re4
27. Nd3 Rc4 28. Be5 Rxc1 29. Qxc1 Qg4 30. g3 Ne4 31. f5 Ng5 32. Bxb8 Nf3+ 33.
Kh1 Bxf1 34. Nf4 Bh3 35. Qe3 Kh7 36. Qd3 Ne1 37. Qe3 Qf3+ 38. Qxf3 Nxf3 39.
Nxh3 d4 40. Kg2 Ne1+ 41. Kf1 Nd3 42. Ke2 Nb2 43. Nf4 Kg8 44. Be5 d3+ 45. Nxd3
Nxd3 46. Kxd3 f6 47. Bd6 Kf7 48. Kc4 Ke8 49. a4 Kf7 50. b5 g6 51. fxg6+ Kxg6
52. bxa6 bxa6 53. Kb4 Kf7 54. Ka5 Ke8 55. Kxa6 Kd7 1-0

[Event "East Lansing (Class DE/4/14)"]
[Site "?"]
[Date "1995.??.??"]
[Round "?"]
[White "Roberts, Andy"]
[Black "Sansone, W."]
[Result "0-1"]
[WhiteElo "1605"]
[BlackElo "1605"]
[PlyCount "148"]
[EventDate "1995.??.??"]

{4/(14)} 1. e4 c5 2. Nf3 d6 3. Bc4 Nf6 4. Nc3 Nc6 5. d3 g6 6. Ng5 e6 7. h3 Bg7
8. Bd2 O-O 9. Nf3 a6 10. a3 b5 11. Ba2 Bb7 12. O-O Qe7 13. Re1 Nd7 14. Bf4 Bf6
15. Bh6 Bg7 16. Bxg7 Kxg7 17. Rb1 Nde5 18. Nxe5 Nxe5 19. b4 Rad8 20. bxc5 dxc5
21. Qc1 Rd7 22. Qb2 f6 23. Ne2 g5 24. Ng3 Kg6 25. Rbd1 Rfd8 26. Bb1 Rd4 27. Re3
Nc4 28. Nf5 Qc7 29. Qc1 Nxe3 30. Nxe3 c4 31. c3 Rxd3 32. Bxd3 Rxd3 33. f3 Qd6
34. Rxd3 cxd3 35. Qb1 Bc6 36. Kh1 h5 37. c4 Qd4 38. Nf1 bxc4 39. Nd2 Qd6 40.
Nxc4 Qd7 41. e5 f5 42. Nb2 Bb5 43. a4 Bxa4 44. Nxa4 Qxa4 45. Qxd3 Qa1+ 46. Kh2
Qxe5+ 47. Kh1 Qa1+ 48. Kh2 Qe5+ 49. Kh1 Qe1+ 50. Kh2 Qe5+ 51. Kh1 a5 52. Qa3
Qe1+ 53. Kh2 Qb4 54. Qa2 Kf7 55. Qa1 a4 56. Qh8 Qf8 57. Qxh5+ Kf6 58. h4 Qg7
59. hxg5+ Qxg5 60. Qh8+ Kf7 61. Qd4 a3 62. Qc5 Qe7 63. Qa5 Qd6+ 64. Kh3 e5 65.
Qa4 f4 66. Qb3+ Qe6+ 67. Qxe6+ Kxe6 68. g3 a2 69. gxf4 exf4 70. Kg4 Ke5 71. Kg5
a1=Q 72. Kg4 Qg1+ 73. Kh4 Kf5 74. Kh3 Qg3# 0-1

[Event "Detroit (MI Team/4/4/3)"]
[Site "?"]
[Date "1995.??.??"]
[Round "?"]
[White "Roberts, Andy"]
[Black "Parker, De"]
[Result "1-0"]
[WhiteElo "1605"]
[BlackElo "1605"]
[PlyCount "43"]
[EventDate "1995.??.??"]

{4/4} 1. e4 e5 2. Nf3 Nc6 3. Bc4 Be7 4. Nc3 a6 5. d3 d6 6. Nd5 Bg4 7. h3 Bxf3
8. Qxf3 Nd4 9. Qd1 Nf6 10. c3 Nc6 11. Qf3 O-O 12. Qg3 Re8 13. Bh6 g6 14. Nxe7+
Qxe7 15. Bg5 Kg7 16. Qf3 Rad8 17. h4 Rd7 18. h5 gxh5 19. Rxh5 Kg6 20. Qf5+ Kxh5
21. Bxf6+ Kh6 22. Qg5# 1-0

[Event "East Lansing (MOR/7/26)"]
[Site "?"]
[Date "1995.??.??"]
[Round "?"]
[White "Roberts, Andy"]
[Black "Juntunen, Michael"]
[Result "0-1"]
[WhiteElo "1605"]
[BlackElo "1605"]
[PlyCount "74"]
[EventDate "1995.??.??"]

{7/(26)} 1. e4 e5 2. Nf3 d5 3. exd5 e4 4. Ng1 Nf6 5. Nc3 Bc5 6. h3 O-O 7. Bc4
Bf5 8. d3 a6 9. Bg5 Qd6 10. Nge2 h6 11. Bxf6 Qxf6 12. dxe4 Bg6 13. O-O Nd7 14.
Ng3 Ne5 15. Bb3 Rad8 16. Qe2 Qg5 17. Kh1 h5 18. Qe1 Nd7 19. Rd1 h4 20. Nge2
Rfe8 21. Nd4 Nf6 22. Nf3 Qh5 23. e5 Kh8 24. Ba4 b5 25. Bb3 Nh7 26. Qe2 Ng5 27.
Nxg5 Qxg5 28. Rfe1 Bh5 29. f3 Bg6 30. Ne4 Bxe4 31. Qxe4 Bd6 32. e6 Qg3 33. Kg1
Bc5+ 34. Re3 Bxe3+ 35. Qxe3 Rxe6 36. Qc5 Re2 37. d6 Qxg2# 0-1

[Event "East Lansing (MOR/2/16)"]
[Site "?"]
[Date "1995.??.??"]
[Round "?"]
[White "Roberts, Andy"]
[Black "Barta, Roger"]
[Result "0-1"]
[WhiteElo "1605"]
[BlackElo "1675"]
[PlyCount "92"]
[EventDate "1995.??.??"]

{2/(16)} 1. e4 e6 2. d4 d5 3. e5 c5 4. c3 Nc6 5. Nf3 Qb6 6. Qc2 Bd7 7. Bf4 cxd4
8. cxd4 Nxd4 9. Nxd4 Qxd4 10. Qc1 Rc8 11. Qe3 Qxb2 12. Qb3 Bb4+ 13. Bd2 Qxe5+
14. Be2 Bxd2+ 15. Nxd2 Qxa1+ 16. Bd1 Qc3 17. Qxb7 Nf6 18. f3 O-O 19. Qxa7 Ra8
20. Qf2 Rxa2 21. Bb3 Rxd2 22. Qxd2 Qxb3 23. O-O Ra8 24. Qf4 Qc3 25. h3 Ra1 26.
Qb8+ Be8 27. Rxa1 Qxa1+ 28. Kh2 Kf8 29. Qd6+ Kg8 30. Qe7 Qa4 31. Qd6 Qd7 32.
Qe5 d4 33. Qe2 d3 34. Qd2 Qd6+ 35. Kh1 e5 36. h4 e4 37. fxe4 Nxe4 38. Qe3 d2
39. g3 Nxg3+ 40. Kg2 Bc6+ 41. Kf2 d1=N+ 42. Kg1 Nxe3 43. Kf2 Qf4+ 44. Ke1 Ne4
45. Ke2 Bb5+ 46. Ke1 Qf2# 0-1

[Event "East Lansing (Class DE/2/24)"]
[Site "?"]
[Date "1995.??.??"]
[Round "?"]
[White "Roberts, Andy"]
[Black "Ballard, C."]
[Result "0-1"]
[WhiteElo "1605"]
[BlackElo "1605"]
[PlyCount "138"]
[EventDate "1995.??.??"]

{2/(24)} 1. e4 e5 2. Nf3 Nf6 3. Nxe5 Nxe4 4. Qe2 d5 5. d3 Nd6 6. Nc6+ Qe7 7.
Nxe7 Bxe7 8. h3 Be6 9. Qd1 Nc6 10. Nc3 O-O-O 11. Bf4 Bf6 12. Qd2 Nd4 13. Be2
Rhe8 14. O-O h6 15. Na4 Bg5 16. Bxg5 hxg5 17. Nc5 b6 18. Nxe6 Rxe6 19. Bg4 f5
20. Bd1 g4 21. hxg4 Rh6 22. f3 Re6 23. gxf5 N6xf5 24. Re1 Rg6 25. c3 Ne6 26.
Bc2 d4 27. cxd4 Nexd4 28. Rac1 Nxf3+ 29. Kf2 Nxd2 30. Rcd1 Nh4 31. Rh1 Rf8+ 32.
Ke2 Nxg2 33. Kxd2 Rf2+ 34. Kc1 Re6 35. Bb3 Ree2 36. Bd5 Rc2+ 37. Kb1 Rxb2+ 38.
Ka1 Ne3 39. Rb1 Rxb1+ 40. Rxb1 Nxd5 41. Rg1 Rf7 42. Rg5 Nf4 43. d4 g6 44. d5
Rf5 45. Rxf5 gxf5 46. Kb2 Nxd5 47. Kc2 f4 48. Kd2 a5 49. Ke2 b5 50. Kf3 b4 51.
Ke4 c6 52. Kd3 a4 53. Kc4 f3 54. Kd3 b3 55. axb3 axb3 56. Kd2 c5 57. Kd1 b2 58.
Kc2 f2 59. Kxb2 f1=Q 60. Kb3 Qf4 61. Ka3 c4 62. Ka4 c3+ 63. Kb5 c2 64. Kc5
c1=Q+ 65. Kxd5 Qfd2+ 66. Ke5 Qce1+ 67. Kf5 Qdf2+ 68. Kg6 Qeg1+ 69. Kh7 Qfh2#
0-1

[Event "East Lansing (MOR/4/34)"]
[Site "?"]
[Date "1995.??.??"]
[Round "?"]
[White "Roberts, Andy"]
[Black "Aldrich, Justin"]
[Result "0-1"]
[WhiteElo "1605"]
[BlackElo "1605"]
[PlyCount "154"]
[EventDate "1995.??.??"]

{4/(34)} 1. e4 e5 2. Nf3 d6 3. Bc4 Bg4 4. h3 Bh5 5. d3 Be7 6. Be3 Nf6 7. Nbd2
a6 8. c3 Nc6 9. Qb3 Na5 10. Qd1 O-O 11. Bb3 Nxb3 12. Qxb3 b6 13. O-O Nd7 14. d4
Rb8 15. Qa4 a5 16. Qb5 exd4 17. cxd4 c5 18. Bf4 f5 19. e5 dxe5 20. Bxe5 Nxe5
21. Nxe5 Bf6 22. Qc4+ Bf7 23. Nxf7 Rxf7 24. Nf3 cxd4 25. Rfd1 Rc8 26. Qb3 Rc6
27. Rd3 Kf8 28. Qa3+ Kg8 29. Qb3 Rc5 30. Rad1 Rd5 31. a3 Kf8 32. Kf1 b5 33. Ke2
Re7+ 34. Kf1 a4 35. Qb4 Kf7 36. b3 Qd6 37. bxa4 Qxb4 38. axb4 bxa4 39. b5 Rb7
40. Ra1 Rdxb5 41. Rxa4 Rb1+ 42. Ke2 R7b2+ 43. Nd2 Rc1 44. Kf3 Rc3 45. Ke2 h6
46. f3 f4 47. Ra1 h5 48. Ra3 Kg6 49. Kd1 Rbc2 50. Ne4 Rc1+ 51. Ke2 R1c2+ 52.
Kd1 Rxa3 53. Rxa3 Rxg2 54. Rd3 Rh2 55. Nxf6 Kxf6 56. Rxd4 Rxh3 57. Rxf4+ Kg5
58. Rf7 g6 59. Ke2 Rh2+ 60. Kf1 Rh4 61. Kg2 Rf4 62. Rxf4 Kxf4 63. Kf2 g5 64.
Kg2 h4 65. Kf2 h3 66. Kg1 Kxf3 67. Kh2 g4 68. Kg1 g3 69. Kh1 g2+ 70. Kg1 h2+
71. Kxh2 Kf2 72. Kh3 g1=Q 73. Kh4 Kf3 74. Kh5 Kf4 75. Kh6 Kf5 76. Kh7 Kf6 77.
Kh8 Qg7# 0-1

[Event "East Lansing (MI Op/1a/2)"]
[Site "?"]
[Date "1995.??.??"]
[Round "?"]
[White "Robbins, Fred"]
[Black "Thompson, Dexter"]
[Result "0-1"]
[WhiteElo "1995"]
[BlackElo "2265"]
[PlyCount "62"]
[EventDate "1995.??.??"]

1. f4 d5 2. b3 c5 3. Bb2 Nc6 4. Nf3 Nf6 5. e3 g6 6. Bb5 Qb6 7. c4 Bg7 8. Nc3
dxc4 9. Bxc4 O-O 10. Na4 Qc7 11. O-O b6 12. Nc3 a6 13. Nd5 Nxd5 14. Bxg7 Nxe3
15. dxe3 Kxg7 16. Qc1 Bf5 17. Qb2+ Kg8 18. Ng5 h6 19. e4 Bg4 20. f5 hxg5 21.
fxg6 Qe5 22. Bxf7+ Kg7 23. Rab1 Rad8 24. Qc1 Rh8 25. Qe3 Qxh2+ 26. Kf2 Qf4+ 27.
Qxf4 gxf4 28. Kg1 f3 29. gxf3 Bh3 30. Rf2 Ne5 31. Bd5 Rd6 0-1

[Event "East Lansing (MI Op/3/29)"]
[Site "?"]
[Date "1995.??.??"]
[Round "?"]
[White "Robbins, Fred"]
[Black "Smith, Daryn"]
[Result "1-0"]
[WhiteElo "1990"]
[BlackElo "1825"]
[PlyCount "127"]
[EventDate "1995.??.??"]

{3/(29)} 1. f4 Nf6 2. b3 g6 3. Bb2 Bg7 4. e4 O-O 5. d3 d6 6. Nd2 Nc6 7. Ngf3
Re8 8. Be2 e5 9. fxe5 Ng4 10. Nc4 b5 11. h3 bxc4 12. hxg4 Bxg4 13. Nd4 Bxe2 14.
Qxe2 Nxd4 15. Bxd4 dxe5 16. Be3 cxd3 17. cxd3 Qd6 18. Qd2 a5 19. O-O Qb4 20.
Qf2 f6 21. Rac1 Qd6 22. Qc2 Rac8 23. Bc5 Qe6 24. Qe2 h5 25. Rc4 Kh7 26. Ra4 Ra8
27. Qd2 Qa6 28. Be3 Red8 29. Rd1 Qb5 30. Rc4 c6 31. Qc3 Rd6 32. a4 Qa6 33. Bc5
Re6 34. Ba3 Bh6 35. Bc1 Qb6+ 36. Kf1 Bf8 37. Ke2 Bb4 38. Qc2 Rd8 39. Be3 Qb7
40. Rh1 Kg7 41. Rc1 Rc8 42. Bc5 g5 43. Bxb4 axb4 44. Rh1 h4 45. Kf3 Rd6 46. g3
hxg3 47. Kxg3 Qb6 48. Qe2 Rh8 49. Rxh8 Kxh8 50. Kg4 Qg1+ 51. Kf5 Qg3 52. Qh5+
Kg7 53. Qg6+ Kf8 54. Qh6+ Ke7 55. Qg7+ Kd8 56. Qf8+ Kc7 57. Qe7+ Rd7 58. Qxb4
Qf2+ 59. Ke6 Rxd3 60. Qe7+ Kb6 61. a5+ Ka6 62. Rxc6+ Kxa5 63. Qa3+ Kb5 64. Qa4#
1-0

[Event "East Lansing (MI Op/5/29)"]
[Site "?"]
[Date "1995.??.??"]
[Round "?"]
[White "Robbins, Fred"]
[Black "Manion, Tom"]
[Result "1-0"]
[WhiteElo "1990"]
[BlackElo "1835"]
[PlyCount "99"]
[EventDate "1995.??.??"]

{5/(29)} 1. f4 Nf6 2. b3 g6 3. Bb2 Bg7 4. Nf3 d5 5. e3 c5 6. Bb5+ Bd7 7. Bxd7+
Nbxd7 8. O-O Qc7 9. Ne5 Nxe5 10. fxe5 Ne4 11. d4 O-O 12. Nd2 Ng5 13. Rc1 c4 14.
bxc4 dxc4 15. c3 b5 16. a3 Ne6 17. Nf3 Bh6 18. Qe2 Qc6 19. Rc2 Qe4 20. Bc1 Rfc8
21. Ne1 a5 22. Qf3 Ng5 23. Qf2 Qd5 24. Nf3 Ne4 25. Qh4 Bf8 26. Ng5 Nxg5 27.
Qxg5 f6 28. Qg4 f5 29. Rxf5 Bg7 30. Rf1 Rab8 31. e4 Qc6 32. Be3 e6 33. h4 Qe8
34. Bg5 b4 35. axb4 axb4 36. cxb4 Rxb4 37. Bf6 Rb7 38. Rfc1 Rbc7 39. d5 exd5
40. exd5 Bxf6 41. exf6 Qe3+ 42. Kh1 Qe5 43. Rxc4 Rxc4 44. Rxc4 Qe1+ 45. Kh2
Qe5+ 46. g3 Qb2+ 47. Kh3 Rf8 48. Qe6+ Kh8 49. Rc8 Qa3 50. Qf7 1-0